| 000 | 00469cam a2200169ua 4500 | ||
|---|---|---|---|
| 020 | _c195.00 | ||
| 041 |
_aeng _h |
||
| 082 |
_a660.6 _bTHA/IN |
||
| 100 | _aThakur, Indu Shekar . | ||
| 245 |
_aIndustrial biotechnology: problems and remedies / _cIndu Shekar Thakur. _hTextual Documents |
||
| 260 |
_aNew Delhi : _bI.K International Publishing House , _c2006. |
||
| 300 | _a321 ; . | ||
| 365 | _a195.00 | ||
| 504 | _a | ||
| 942 | _cBK | ||
| 999 |
_c13323 _d13323 |
||